Letter Bag - Asian Countries Quiz Stats

 Plays Quiz Updated Jun 27, 2019

Score 0/28 Timer 04:00
0 Plays Today
Hint Answer % Correct
5 LettersChina
88.5%
5 LettersIndia
87.1%
5 LettersJapan
85.8%
Begins With 'T'Thailand
85.3%
Begins and Ends in a VowelIndia
84.2%
Begins With 'T'Turkmenistan
83.7%
Begins With 'T'Tajikistan
78.4%
Begins With 'T'Turkey
77.5%
Begins With 'S'Syria
77.2%
5 LettersSyria
76.7%
Begins With 'S'Singapore
76.3%
Begins With 'S'South Korea
75.8%
Begins With 'T'Taiwan
75.1%
5 LettersNepal
74.9%
Hint Answer % Correct
Contains 'Z'Kazakhstan
74.4%
Begins and Ends in a VowelIndonesia
73.7%
5 LettersYemen
72.1%
5 LettersQatar
72.1%
Contains 'Z'Kyrgyzstan
71.8%
Begins and Ends in a VowelArmenia
70.3%
Contains a Double LetterRussia
70%
Begins With 'S'Saudi Arabia
69.7%
Begins With 'S'Sri Lanka
68.6%
Contains 'Z'Azerbaijan
67.8%
Contains 'Z'Uzbekistan
66.7%
Ends in 'M'Vietnam
63.5%
Contains a Double LetterPhilippines
59%
Begins With 'T'Timor-Leste
55%

You're not logged in!

Compare scores with friends on all Sporcle quizzes.
OR
Log In

Sporcle TV

Today on Sporcle TV


Watch our educational content, quiz creation guides, and fun videos on Sporcle TV.

Show Comments

Extras

Top Quizzes Today


Score Distribution

Your Account Isn't Verified!

In order to create a playlist on Sporcle, you need to verify the email address you used during registration. Go to your Sporcle Settings to finish the process.

Report this User

Report this user for behavior that violates our Community Guidelines.

Details: